00855nam a2200217 a 4500001001000000003000500010005001700015008004100032010001100073011001100084040000900095100003100104245018800135260004100323500006000364502006100424650003300485650002500518650002400543856007000567000109189CHAP20250913062744.0140409s2013 mx sm |||||||spa d a105651 a106623 cCHAP1 aSantos Torres, Linda Talia10aCaracterísticas edáficas y rendimiento del cultivo de maíz en tres sistemas de labranza en el Décimo Segundo Año de tratamientoh[En línea]cpor Linda Talia Santos Torres. aChapingo, Méx. :bEl autor,c2013. aPara ver el contenido del material haga clic en la liga aTesis (Ing. Agr. Esp. en Fitotecnia) -- UACH. Fitotecnia17aLabranzaxEfecto en suelos214aMaízxRendimiento.14aSuelosxFertilidad. aFinding aiduhttp://10.13.5.2/tesis/sist109189.pdfzTeclea aquí